000 01420nam a2200301 a 4500
008
020 _a0063121786 (pbk)
049 _aMAIN
090 _aHG5770.5
245 0 0 _aCorporate links and foreign direct investment in Asia and the Pacific /
_cedited by Edward K.Y. Chen and Peter Drysdale.
260 _aPymble, NSW :
_bHarperEducational, in association with the Pacific Trade & Development Conference Secretariat, the Australian National University, [and] Centre of Asian Studies, University of Hong Kong,
_c1995.
300 _axviii, 300 p. :
_bill. ;
_c24 cm.
500 _a"Collection of edited papers presented at the Twenty-First Pacific Trade and Development (PAFTAD) Conference held in Hong Kong in June 1994"--P. xvii.
504 _aIncludes bibliographical references.
500 _aIncludes index.
650 0 _aInvestments, Foreign
_zAsia
_vCongresses.
650 0 _aInvestments, Foreign
_zPacific Area
_vCongresses.
650 0 _aInternational business enterprises
_zAsia
_vCongresses.
650 0 _aInternational business enterprises
_zPacific Area
_vCongresses.
700 1 _aChen, Edward K. Y.
700 1 _aDrysdale, Peter.
711 2 _aPacific Trade and Development Conference
_n(21st :
_d1994 :
_cHong Kong)
907 _a.b10060510
_b19-06-03
_c17-04-03
003
005 20230120133823.0
040 _cNUST
942 _cBOOKS
_kHG5770.5
999 _c96046
_d96046